000 00556nam a2200181Ia 4500
003 GCL
008 140319s9999 xx 000 0 ara d
040 _aGCL /
_cGCL
082 0 4 _aد
_b050
_bم ع
245 1 0 _aسيكولوجية الذاكرة ( عالم المعرفة290 )
260 _aالكويت :
_bالمجلس الوطنى للثقافة والفنون والاداب ،
_c2003
650 0 4 _aالتعلم
650 0 4 _aالذاكرة
650 0 4 _aالذكاء
650 0 4 _aتقوية الذاكرة
650 0 4 _aالمخ
942 _2ddc
_cCR
999 _c6653
_d6653